Etiqueta de registo: 00859cam 2200301 450
001 1064391
003 http://id.bnportugal.gov.pt/bib/catbnp/1064391
005 20020221142800.0
010 ## $a972-759-331-3
021 ## $aPT$b165001/01
100 ## $a20010803d2001 d y0pory0103 ba
101 1# $apor$ceng
102 ## $aPT
105 ## $aa z 000yy
106 ## $ar
200 1# $aTudo sobre a amizade$fPotty bloom$gil. John Blackman$gtrad. Rita Menezes
205 ## $a1ª ed
210 #9 $aLisboa$cTemas e Debates,$d2001
215 ## $a130 p.$cil.$d19 cm
304 ## $aTít. orig.: Best friends: a special book of true friendship
675 ## $a087.5$vBN$zpor$3287999
675 ## $a159.922$vBN$zpor$3353060
675 ## $a177$vBN$zpor$3291685
700 #1 $aBloom,$bPoppy$31014033
702 #1 $aBlackman,$bJohn$4440$3276927
702 #1 $aMenezes,$bRita$4730$31014034
966 ## $lBN$mFGMON$sP. 13087 P.$x1
966 ## $lBN$mFGMON$sP. 13087 P.$x1
Etiqueta de registo: 00720cam 2200265 450
001 1093831
003 http://id.bnportugal.gov.pt/bib/catbnp/1093831
005 20030527110700.0
010 ## $a972-759-331-3
021 ## $aPT$b183742/02
100 ## $a20021024d2002 d y0pory0103 ba
101 1# $apor$ceng
102 ## $aPT
105 ## $aa z 001yy
106 ## $ar
200 1# $aTudo sobre a amizade$fPoppy Bloom$gil. John Blackman$gtrad. Rita Menezes
205 ## $a2ª ed
210 #9 $aLisboa$cTemas e Debates,$d2002
215 ## $a130 p.$cil.$d19 cm
304 ## $aTít. orig.: Best friends - a special book of true friendship!
675 ## $a087.5$vBN$zpor$3287999
675 ## $a159.922$vBN$zpor$3353060
675 ## $a177$vBN$zpor$3291685
700 #1 $aBloom,$bPoppy$31014033
702 #1 $aBlackman,$bJohn$4440$3276927
702 #1 $aMenezes,$bRita$4730$31014034
966 ## $lBN$mFGMON$sP. 12811 P.$x1
966 ## $lBN$mFGMON$sP. 12811 P.$x1
Etiqueta de registo: 00720cam 2200265 450
001 1698391
003 http://id.bnportugal.gov.pt/bib/catbnp/1698391
010 ## $a978-972-759-331-6
021 ## $aPT$b255485/07
100 ## $a20081222d2007 d y0pory0103 ba
101 1# $apor$ceng
102 ## $aPT
105 ## $aa z 001yy
106 ## $ar
200 1# $aTudo sobre a amizade$fPoppy Bloom$gil. John Blackman$gtrad. Rita Menezes$grev. Laurinda Brandão
205 ## $a5ª ed
210 #9 $aLisboa$cTemas e Debates,$d2007
215 ## $a130 p.$cil.$d19 cm
304 ## $aTít. orig.: Best friends : a special book of true friendship!
675 ## $a087.5$vBN$zpor$3287999
675 ## $a159.922$vBN$zpor$3353060
675 ## $a177$vBN$zpor$3291685
700 #1 $aBloom,$bPoppy$31014033
702 #1 $aBlackman,$bJohn$4440$3276927
702 #1 $aMenezes,$bRita$4730$31014034
702 #1 $aBrandão,$bLaurinda Alves$4675$362020
801 #0 $aPT$bBN$gRPC
900 ## $aBIBNAC$d20130602
966 ## $lBN$mFGMON$sP. 15599 P.$x1
966 ## $lBN$mFGMON$sP. 15599 P.-D$x1
Etiqueta de registo: 00720cam 2200265 450
001 1382628
003 http://id.bnportugal.gov.pt/bib/catbnp/1382628
010 ## $a972-759-331-3
021 ## $aPT$b229111/05
100 ## $a20061011d2005 d y0pory0103 ba
101 1# $apor$ceng
102 ## $aPT
105 ## $aa z 001yy
106 ## $ar
200 1# $aTudo sobre a amizade$fPoppy Bloom$gil. John Blackman$gtrad. Rita Menezes
205 ## $a4ª ed
210 #9 $aLisboa$cTemas e Debates,$d2005
215 ## $a130 p.$cil.$d19 cm
304 ## $aTít. orig.: Best friends - a special book of true friendship!
675 ## $a087.5$vBN$zpor$3287999
675 ## $a159.922$vBN$zpor$3353060
675 ## $a177$vBN$zpor$3291685
700 #1 $aBloom,$bPoppy$31014033
702 #1 $aBlackman,$bJohn$4440$3276927
702 #1 $aMenezes,$bRita$4730$31014034
801 #0 $aPT$bBN$gRPC
900 ## $aBIBNAC$d20130602
966 ## $lBN$mFGMON$sP. 14270 P.$x1
966 ## $lBN$mFGMON$sP. 14270 P.-D $x1
Etiqueta de registo: 00254nam 2200025 450
001 2283830
003 http://id.bnportugal.gov.pt/bib/catbnp/2283830
010 ## $a978-989-576-353-5
021 ## $aPT$b558669/26
100 ## $a20260407d2026 m y0pory01030103ba
101 1# $apor$ceng
102 ## $aPT
105 ## $ay z 001yy
106 ## $ar
200 1# $aPseudociência$e uma brevíssima introdução$fMichael D. Gordin$gtrad. Rita Menezes
205 ## $a1ª ed
210 #9 $aLisboa$cGuerra & Paz,$d2026
215 ## $a159 p.$d23 cm
225 2# $a A minha estante
304 ## $aTít. orig.: Pseudoscience : a very short introduction
675 ## $a001.98$vBN$zpor$31595945
675 ## $a001.95$vBN$zpor$31469716
700 #1 $aGordin,$bMichael D.$31994933
702 #1 $aMenezes,$bRita$4730$31014034
801 #0 $aPT$bBN$gRPC
856 41 $uhttp://rnod.bnportugal.gov.pt/ImagesBN/winlibimg.aspx?skey=&doc=2283830&img=221984&save=true
900 ## $aBIBNAC$d20260507
966 ## $lBN$mFGMON$sP. 72675 V.$x1
966 ## $lBN$mFGMON$sP. 72675 V.-D$x1
971 ## $cisantos$d20260407
972 ## $e0$z0$d20260507$vasantos
973 ## $cigoulao$d20260429
975 ## $e0$d20260508$viquintas